00788 2200253 4500001002100000005001500021035002000036007000300056008004100059020001800100082001000118084001600128100001800144245016800162250001000330260004300340300003300383650001700416700002600433700002300459520003000482990001100512990001100523INLIS00000000000319920190220105817 a0010-0219000141ta190220 g 0 ind  a602-8995-28-2 a297.2 a297.2 MAS i0 aMA'SHUM, Zein1 aIlmu Memahami Hadits Nabi :bCara Praktis Menguasai Ulumul Hadits dan Musthalah Hadits /cMa'shum Zein; editor, Jajang Husni Hidayat; penyunting, Burhan Jamaluddin acet.1 aYogyakarta :bPustaka Pesantren,c2016 axx, 260 hlm :bilus ;c24 cm aISLAM.HADITS0 aJAJANG, Husni Hidayat0 aBURHAN, Jamaluddin aBibliografi: hlm. 255-260 a6535 a a6535 b